<?xml version="1.0" encoding="UTF-8"?><?xml-stylesheet type="text/xsl" href="static/style.xsl"?><OAI-PMH xmlns="http://www.openarchives.org/OAI/2.0/" xmlns:xsi="http://www.w3.org/2001/XMLSchema-instance" xsi:schemaLocation="http://www.openarchives.org/OAI/2.0/ http://www.openarchives.org/OAI/2.0/OAI-PMH.xsd"><responseDate>2026-04-13T02:43:01Z</responseDate><request verb="GetRecord" identifier="oai:www.recercat.cat:2072/477926" metadataPrefix="marc">https://recercat.cat/oai/request</request><GetRecord><record><header><identifier>oai:recercat.cat:2072/477926</identifier><datestamp>2025-10-30T13:20:32Z</datestamp><setSpec>com_2072_98</setSpec><setSpec>col_2072_378192</setSpec></header><metadata><record xmlns="http://www.loc.gov/MARC21/slim" xmlns:dcterms="http://purl.org/dc/terms/" xmlns:xsi="http://www.w3.org/2001/XMLSchema-instance" xmlns:doc="http://www.lyncode.com/xoai" xsi:schemaLocation="http://www.loc.gov/MARC21/slim http://www.loc.gov/standards/marcxml/schema/MARC21slim.xsd">
   <leader>00925njm 22002777a 4500</leader>
   <datafield ind2=" " ind1=" " tag="042">
      <subfield code="a">dc</subfield>
   </datafield>
   <datafield ind2=" " ind1=" " tag="720">
      <subfield code="a">Jiménez-Murcia, Susana</subfield>
      <subfield code="e">author</subfield>
   </datafield>
   <datafield ind2=" " ind1=" " tag="720">
      <subfield code="a">Granero, Roser</subfield>
      <subfield code="e">author</subfield>
   </datafield>
   <datafield ind2=" " ind1=" " tag="720">
      <subfield code="a">Fernández Aranda, Fernando</subfield>
      <subfield code="e">author</subfield>
   </datafield>
   <datafield ind2=" " ind1=" " tag="720">
      <subfield code="a">Menchón Magriñá, José Manuel</subfield>
      <subfield code="e">author</subfield>
   </datafield>
   <datafield ind2=" " ind1=" " tag="260">
      <subfield code="c">2020</subfield>
   </datafield>
   <datafield ind2=" " ind1=" " tag="520">
      <subfield code="a">Altres ajuts: Plan Nacional sobre Drogas (2017I067)</subfield>
   </datafield>
   <datafield ind2=" " ind1=" " tag="520">
      <subfield code="a">Gambling disorder (GD) has been associated with significantly impaired functioning. However, the empirical evidence available on gambling phenomenology based on the preferred forms of gambling, including the factors that are responsible for the choice of games and the clinical correlates of the preferred subtypes, is very limited. The few studies comparing clusters of GD patients defined by their preferred gambling activities usually classify games into two broad categories, thus distinguishing between strategic and non-strategic gamblers. The data available suggest that sociodemographic variables (sex, age, level of education and socioeconomic status) and personality traits (mainly sensation/novelty-seeking and impulsivity) may influence gambling activity, and that this preference may be clinically significant. This cumulate evidence may pave the way for a better characterization of the GD subtypes, and may help to design solid, well-founded prevention and treatment programs that take into account the individual variability in patients' clinical profiles.</subfield>
   </datafield>
   <datafield ind2="0" ind1="0" tag="245">
      <subfield code="a">Comparison of gambling profiles based on strategic versus non-strategic preferences</subfield>
   </datafield>
</record></metadata></record></GetRecord></OAI-PMH>